แสดงรายละเอียดบรรณานุกรม
  กลับหน้าหลัก

Brief Record : Get Marc (ISO 2709) : E-mail record : QR code ปิดหน้าต่าง
E-books : เกี่ยวกับ Collections
LEADER 00000nam 2200000uu 4500
001    212659
003     ULIBM
008    020711s2556 th a 000 0 tha d
041    ^atha
050  4 BQ4570.L5 พ322ธ 2556
100 0  ^aพระครูปลัดสิทธิวรวัฒน์ (คธาวุฒิ ยโสธโร)
245    ธรรมวิธีการแก้ปัญหา/^cพระครูปลัดสิทธิวรวัฒน์ (คธาวุฒิ ยโสธโร)
260    ขอนแก่น :^bศูนย์ปฏิบัติธรรมสวนเวฬุวัน,^c2556
300    141 หน้า :^bภาพประกอบ ;^c25 ซม.
650  4 ^aธรรมะกับชีวิตประจำวัน
650  4 ^aธรรมเทศนา
650  4 ^aการแก้ปัญหา
999    ^aใช้งานได้ทุกระบบ
รายการนี้ยังไม่มีแท็ก
คุณยังไม่ได้ล็อกอิน คุณสามารถมีกิจกรรมร่วมกับเว็บไซต์ได้ แต่ต้องล็อกอินก่อน ::
  ล็อกอิน
ลำดับที่ ประเภท เลขเรียก สถานที่ สถานะ
1. หนังสือทั่วไป
หนังสือทั่วไป
BQ4570.L5 พ322ธ 2556 ฉ.1 
  
หนังสือทั่วไป On Shelf
  ขอยืม
   [แสดง 1/1 รายการ]

รายการใกล้เคียง
    หัวเรื่อง [ธรรมะกับชีวิตประจำวัน]
    หัวเรื่อง [ธรรมเทศนา]
    หัวเรื่อง [การแก้ปัญหา]

BibComment


ยังไม่เคยถูกคอมเมนท์

คอมเมนท์ทรัพยากรรายการนี้
  คอมเมนท์: ธรรมวิธีการแก้ปัญ..
Bib 212659

 
 
 

 Union Library Management : ULibM
Copyright 2026. All Rights Reserved.
скачать бесплатно без регистрации порно красивый секс HD Sex Hindi sex

xxx gou

xxxx

bfxxx

xxxwww

Секса Видео

xxxx

Секса Видео

detube

geilexxx

C99 Shell

worms shell

blod xxx video
Ebony Coed Rihanna Rimes Takes A Dick In Her Young Twat priyaa indian fuck anal and pusssy hardcore indian women xxx desi hardcore fucking part 1 bengalixxxcouple